书目信息 |
| 题名: |
汪曾祺诗词选评
|
|
| 作者: | 汪曾祺 著 ;金实秋 评 | |
| 分册: | ||
| 出版信息: | 扬州 广陵书社 2016 |
|
| 页数: | 10,294页 | |
| 开本: | 23cm | |
| 丛书名: | ||
| 单 册: | ||
| 中图分类: | I207.2 | |
| 科图分类: | ||
| 主题词: | 诗词--文学评论--中国--现代 | |
| 电子资源: | ||
| ISBN: | 978-7-5554-0563-4 | |
| 000 | 00983nam0 2200265 450 | |
| 001 | 012001004040 | |
| 005 | 20140928162348.0 | |
| 010 | @a978-7-5554-0563-4@b精装@dCNY56.00 | |
| 100 | @a20160826d2016 em y0chiy50 ea | |
| 101 | 0 | @achi |
| 102 | @aCN@b320000 | |
| 105 | @ay z 000yy | |
| 106 | @ar | |
| 200 | 1 | @a汪曾祺诗词选评@9wang zeng qi shi ci xuan ping@f汪曾祺著@g金实秋评 |
| 210 | @a扬州@c广陵书社@d2016 | |
| 215 | @a10,294页@d23cm | |
| 300 | @a回望汪曾祺/王干主编 | |
| 330 | @a本书分为酬赠、题画、庆贺、感怀、自寿、乡情、忆旧、游踪八个部分。另有文《戏赠李迪》《自题小像》《寿沈从文先生八十》《山居》《六十岁生日即事》《回乡杂咏》《江阴漫忆》《九漈歌》等。金实秋结合诗歌创作背景、源流等加以选评。 | |
| 600 | 0 | @a汪曾祺@f(1920-1997)@x诗词@x文学评论 |
| 606 | 0 | @a诗词@x文学评论@y中国@z现代 |
| 690 | @aI207.2@v5 | |
| 701 | 0 | @a汪曾祺@9wang zeng qi@4著 |
| 702 | 0 | @a金实秋@9jin shi qiu@4评 |
| 801 | 0 | @aCN@b上海新华@c20180901 |
| 905 | @b1170125-9@dI207.2@e1141@f5 | |
| 汪曾祺诗词选评/汪曾祺著/金实秋评.-扬州:广陵书社,2016 |
| 10,294页;23cm |
| 回望汪曾祺/王干主编 |
| ISBN 978-7-5554-0563-4(精装):CNY56.00 |
| 本书分为酬赠、题画、庆贺、感怀、自寿、乡情、忆旧、游踪八个部分。另有文《戏赠李迪》《自题小像》《寿沈从文先生八十》《山居》《六十岁生日即事》《回乡杂咏》《江阴漫忆》《九漈歌》等。金实秋结合诗歌创作背景、源流等加以选评。 |
| ● |
| 相关链接 |
|
|
|
|
正题名:汪曾祺诗词选评
索取号:I207.2/1141
 
预约/预借
| 序号 | 登录号 | 条形码 | 馆藏地/架位号 | 状态 | 备注 |
| 1 | 1170125 | 211701256 | 第一样本阅览室/ [索取号:I207.2/1141] | 在馆 | |
| 2 | 1170126 | 211701265 | 第二借阅区/ [索取号:I207.2/1141] | 在馆 | |
| 3 | 1170127 | 211701274 | 第二借阅区/ [索取号:I207.2/1141] | 在馆 | |
| 4 | 1170128 | 211701283 | 第二借阅区/ [索取号:I207.2/1141] | 在馆 | |
| 5 | 1170129 | 211701292 | 密集书库-文学院/ [索取号:I207.2/1141] | 在馆 |